ბათუმის შოთა რუსთაველის სახელმწიფო უნივერსიტეტის ბიბლიოთეკა

საქართველოს ნეშომპალა-კარბონატური ნიადაგები / (ბიბ.ჩანაწერი № 44476)

000 -ლიდერი
ფიქსირებული სიგრძის საკონტროლო ველი 00919nam a2200205Ia 4500
001 - საკონტროლო ნომერი
საკონტროლო ველი 11274
003 - საკონტროლო ნომრის იდენტიფიკატორი
საკონტროლო ველი GE_BSU
005 - ბოლო ოპერაციის თარიღი და დრო
საკონტროლო ველი 20250501165246.0
008 - ფიქსირებული სიგრძის მონაცემთა ელემენტები - ზოგადი ინფორმაცია
ფიქსირებული სიგრძის საკონტროლო ველი 181216s1977||||ge |||||||||||||| ||geo||
040 ## - კატალოგიზაციის წყარო
Transcribing agency GE_BSU
041 ## - ენის კოდი
Language code of text/sound track or separate title geo
080 ## - უნივერსალური ათობითი კლასიფიკაციის ინდექსი
Universal Decimal Classification number 631.417.2(479.22) ჩ-96
100 ## - მთავარი ჩანაწერი - პიროვნების სახელი
Personal name ჩხეიძე, თინა
9 (RLIN) 17783
245 ## - ცნობა სათაურის შესახებ
Title საქართველოს ნეშომპალა-კარბონატური ნიადაგები /
Statement of responsibility, etc თინა ჩხეიძე; რედ: ც. უნდილაშვილი.
264 ## - წარმოების, გამოცემის, დისტრიბუციის და სხვა ცნობები
გამოცემის, წარმოების, დისტრიბუციის... ადგილი თბილისი:
გამოცემის, წარმოების, დისტრიბუციის... სახელწოდება საბჭოთა საქართველო,
გამოცემის, წარმოების, დისტრიბუციის... თარიღი 1977.
300 ## - ფიზიკური აღწერა
Extent 184 გვ.:
Other physical details ცხრ.
Dimensions 20 სმ.
653 ## - INDEX TERM--UNCONTROLLED
Uncontrolled term ნეშომპალა-კარბონატური ნიადაგები
700 ## - ADDED ENTRY--PERSONAL NAME
Personal name უნდილაშვილი, ც.
Relator term რედაქტორი
9 (RLIN) 24986
942 ## - ADDED ENTRY ELEMENTS (KOHA)
Koha item type წიგნი
Source of classification or shelving scheme
ეგზემპლარები
ჩამოწერის სტატუსი დაკარგული ეგზემპლარის სტატუსი კლასიფიკაციის წყარო ან თაროზე გაწყობის სქემა დაზიანების სტატუსი არ გაიცემა მუდმივი მდებარეობა (დაცვის ადგილი) ამჟამინდელი ადგილსამყოფელი თაროზე განთავსების ადგილი შეძენის თარიღი სრული შენახვის შიფრი შტრიხკოდი ბოლო ოპერაციის თარიღი ეგზემპლარის მიმდევრობითი ნომერი (კეტერი?) ფასის ძალაში შესვლის თარიღი ეგზემპლარის სახეობა
          აგრარული და მემბრანული ტექნოლოგიების ინსტიტუტის ბიბლიოთეკა აგრარული და მემბრანული ტექნოლოგიების ინსტიტუტის ბიბლიოთეკა წიგნსაცავი 2018-12-17 631.417.2(479.22) ჩ-96 19603 2018-12-17 19603 2018-12-17 წიგნი
          აგრარული და მემბრანული ტექნოლოგიების ინსტიტუტის ბიბლიოთეკა აგრარული და მემბრანული ტექნოლოგიების ინსტიტუტის ბიბლიოთეკა წიგნსაცავი 2018-12-17 631.417.2(479.22) ჩ-96 19604 2018-12-17 19604 2018-12-17 წიგნი